Tous les personnages principaux de Grey's Anatomy - Statistiques

Statistiques générales
  • Ce quiz a été pris 1 103 fois
  • Le résultat moyen est 20 sur 39
Statistiques - réponses
Réponse % Correct
Meredith Grey
99%
Cristina Yang
91%
Alex Karev
89%
Miranda Bailey
87%
Izzie Stevens
86%
Lexie Grey
86%
Richard Webber
86%
George O'Malley
83%
Callie Torres
82%
Derek Shepherd
81%
Mark Sloan
81%
Arizona Robbins
79%
Owen Hunt
78%
Jackson Avery
77%
Amelia Shepherd
74%
April Kepner
74%
Jo Wilson
65%
Preston Burke
63%
Teddy Altman
59%
Maggie Pierce
56%
Andrew Deluca
51%
Stephanie Edwards
41%
Ben Warren
39%
Erica Hahn
38%
Atticus Lincoln
36%
Shane Ross
35%
Addispn Montgomery
31%
Nathan Riggs
30%
Leah Murphy
29%
Levi Schmitt
28%
Tom Koracick
24%
Cormac Hayes
15%
Nick Marsh
14%
Winston Ndugu
13%
Lucas Adams
12%
Jules Millin
7%
Mika Yasuda
7%
Benson Kwan
5%
Simone Griffith
3%
Aucun quiz correspondant
Distribution des résultats
% des personnes avec chaque résultat
Percentile par nombre de réponses
Votre historique - résultats
Vous n’avez pas pris ce quiz